000 00515nam a2200205Ia 4500
003 OSt
005 20230509153613.0
008 210423s2009 xx 000 0 und d
020 _a9788171398052
040 _cAL
041 _aeng
082 _a548
_223
_bWAHM
100 _aWAHAB (M A).
_9101486
245 _aEssentials of crystallography.
260 _aNew Delhi
_bNew American Library
_c2009
300 _axvi,315
_bPB
365 _b295
_cINR
906 _acrystallography ; Essentials
942 _2ddc
_cBK
999 _c164044
_d164044